Normal view MARC view

Entry Uniform Title

Number of records used in: 1

001 - CONTROL NUMBER

  • control field: 292

003 - CONTROL NUMBER IDENTIFIER

  • control field: OSt

005 - DATE AND TIME OF LATEST TRANSACTION

  • control field: 20140701184239.0

008 - FIXED-LENGTH DATA ELEMENTS

  • fixed length control field: 140701|| aca||aabn | a|a d

040 ## - CATALOGING SOURCE

  • Original cataloging agency: OSt
  • Transcribing agency: OSt

130 ## - HEADING--UNIFORM TITLE

  • Uniform title: Theary and practice of histological techniques

670 ## - SOURCE DATA FOUND

  • Source citation: Work cat.: (OSt): Theory and practici of histological techniques, 2008